000 00378nam a2200145Ia 4500
008 230312s9999||||xx |||||||||||||| ||und||
020 _a0-443-06854-6
082 _a615.82
_bLEN-P
100 _aLennon;Sheila
245 0 _aPocketbook of Neurological Physiotherapy
260 _bElsevier
_aChina
_c2009
300 _a317
650 _aPhysiotherapy
_vPhysio therapy
942 _cBK
999 _c10278
_d10278